Základy izolační ochrany povrchu těla /

Main Author: Florus, Stanislav, 1963-
Corporate Author: Univerzita obrany. Ústav ochrany proti zbraním hromadného ničení
Language: Czech
Published: Brno : Univerzita obrany, 2022
Edition: Vydání: první
Subjects:
Physical Description: 160 stran : ilustrace (převážně barevné) ; 25 cm
Language note: České a anglické resumé
Book
Saved in:
LEADER 02277nam a2200601 i 4500
001 nkc20223427599
003 CZ PrNK
005 20220719082514.0
007 ta
008 220609s2022 xr a f 000 0 cze
015 |a cnb003427599 
020 |a 978-80-7582-445-5  |q (brožováno) :  |c Kč 370,00 
035 |a (OCoLC)1357140746 
040 |a BOA001  |b cze  |e rda 
041 0 |a cze  |b cze  |b eng 
043 |a e-xr--- 
072 7 |a 623  |x Vojenská technika  |2 Konspekt  |9 19 
080 |a 355.1  |2 MRF 
080 |a 355.66  |2 MRF 
080 |a 623.445.1  |2 MRF 
080 |a 623.459.6/.7  |2 MRF 
080 |a (437.3)  |2 MRF 
080 |a (048.8)  |2 MRF 
100 1 |a Florus, Stanislav,  |d 1963-  |7 mzk2007363541  |4 aut 
245 1 0 |a Základy izolační ochrany povrchu těla /  |c Stanislav Florus 
250 |a Vydání: první 
264 1 |a Brno :  |b Univerzita obrany,  |c 2022 
300 |a 160 stran :  |b ilustrace (převážně barevné) ;  |c 25 cm 
336 |a text  |b txt  |2 rdacontent 
337 |a bez média  |b n  |2 rdamedia 
338 |a svazek  |b nc  |2 rdacarrier 
500 |a Nad názvem: Univerzita obrany, Ústav ochrany proti zbraním hromadného ničení 
500 |a 40 výtisků 
504 |a Obsahuje bibliografii 
546 |a České a anglické resumé 
610 1 7 |a Česko.  |b Armáda  |7 kn20010709222  |2 czenas 
650 0 7 |a ozbrojené síly  |7 ph123886  |z Česko  |2 czenas 
650 0 7 |a vojenská výstroj  |7 ph127187  |z Česko  |2 czenas 
650 0 7 |a ochranné oděvy  |7 ph912523  |z Česko  |2 czenas 
650 0 7 |a protichemická ochrana  |7 ph165158  |z Česko  |2 czenas 
650 0 9 |a armed forces  |z Czechia  |2 eczenas 
650 0 9 |a military accoutrements  |z Czechia  |2 eczenas 
650 0 9 |a protective clothing  |z Czechia  |2 eczenas 
650 0 9 |a antichemical protection  |z Czechia  |2 eczenas 
655 7 |a monografie  |7 fd132842  |2 czenas 
655 9 |a monographs  |2 eczenas 
710 2 |a Univerzita obrany.  |b Ústav ochrany proti zbraním hromadného ničení  |7 olak2006319346  |4 isb 
910 2 |a BOA001  |b 2-1487.959 
990 |a BK 
995 |a 01 
991 |b 202207  |c NOV 
996 6 |b 2610907271  |c 2-1487.959  |l MZK  |r Sklad / do 1 hodiny  |n 1  |p p.v.  |w 001891569  |u 000010  |a 1  |e BOA001  |j MZK50  |s P 
996 7 |b 2610907272  |c 2-1487.959  |l Vol.výběr  |r VV 0p  |n 1  |p p.v.  |h 355/359 FLO  |w 001891569  |u 000020  |a 0  |e BOA001  |j MZK50  |s A